[Event "Ïåðâåíñòâî Ìîñêâû"]
[Site "ÐœÐ¾Ñ�ÐºÐ²Ð°, ÐœÐ“Ð˜ÐœÐž Ð¿Ñ€."]
[Date "2018.11.21"]
[Round "5.11"]
[White "Gornostaev, Yakov"]
[Black "Akopjan, Gor"]
[Result "1/2-1/2"]
[WhiteElo "1831"]
[BlackElo "1524"]
[PlyCount "122"]
[EventDate "2018.11.18"]

1. e4 c5 2. d4 cxd4 3. c3 d3 4. c4 d6 5. Bxd3 Nf6 6. Ne2 g6 7. O-O Bg7 8. Nbc3
O-O 9. h3 Nc6 10. Be3 Bd7 11. Rc1 Rc8 12. b3 Ne5 13. Bb1 b6 14. f4 Nc6 15. Qd2
Ne8 16. f5 Nc7 17. Bh6 Bxh6 18. Qxh6 Ne5 19. Nd5 Nxd5 20. exd5 b5 21. Nf4 bxc4
22. Rc3 Qb6+ 23. Kh1 Nd3 24. Nxd3 cxd3 25. Rxd3 Qb4 26. Rg3 Qd4 27. fxg6 fxg6
28. Re1 Qg7 29. Qxg7+ Kxg7 30. Rxe7+ Rf7 31. Rxf7+ Kxf7 32. Rf3+ Kg7 33. Bd3
Rc1+ 34. Kh2 Rc5 35. Bc4 Bb5 36. Bxb5 Rxb5 37. Rc3 a5 38. Kg3 Rxd5 39. Kf3 Kf6
40. a3 h6 41. Ke4 Ke6 42. Rg3 g5 43. b4 axb4 44. axb4 Rb5 45. Rb3 Kd7 46. Kd4
Kc6 47. Rc3+ Kb6 48. Kc4 Rf5 49. Rf3 Rxf3 50. gxf3 Kc6 51. b5+ Kb6 52. Kd5 Kxb5
53. Kxd6 Kc4 54. Ke5 Kd3 55. f4 gxf4 56. Kxf4 h5 57. h4 Kd4 58. Kf5 Kd5 59. Kf6
Kd6 60. Kg5 Ke5 61. Kxh5 Kf5 1/2-1/2

[Event "Ïåðâåíñòâî Ìîñêâû"]
[Site "ÐœÐ¾Ñ�ÐºÐ²Ð°, ÐœÐ“Ð˜ÐœÐž Ð¿Ñ€."]
[Date "2018.11.21"]
[Round "5.12"]
[White "Golitsyn, Georgiy"]
[Black "Kozhukhov, Aleksandr"]
[Result "1/2-1/2"]
[WhiteElo "1283"]
[BlackElo "1745"]
[PlyCount "36"]
[EventDate "2018.11.18"]

1. Nf3 c5 2. c3 Nc6 3. d4 e6 4. Bf4 cxd4 5. cxd4 Qb6 6. Qd2 Nf6 7. e3 Ne4 8.
Qc2 d5 9. Nc3 Bb4 10. Bd3 Nf6 11. a3 Be7 12. O-O O-O 13. Nb5 Qd8 14. Nc7 Rb8
15. Nb5 Ra8 16. Nc7 Rb8 17. Nb5 Ra8 18. Nc7 Rb8 1/2-1/2

[Event "Ïåðâåíñòâî Ìîñêâû"]
[Site "ÐœÐ¾Ñ�ÐºÐ²Ð°, ÐœÐ“Ð˜ÐœÐž Ð¿Ñ€."]
[Date "2018.11.21"]
[Round "5.13"]
[White "Nikulshin, Alexey"]
[Black "Zakirov, Artur"]
[Result "1/2-1/2"]
[WhiteElo "1647"]
[BlackElo "1747"]
[PlyCount "85"]
[EventDate "2018.11.18"]

1. d4 d5 2. c4 e6 3. Nf3 Nf6 4. g3 dxc4 5. Qa4+ Nbd7 6. Qxc4 a6 7. Bg2 b5 8.
Qc2 Bb7 9. O-O Be7 10. Nc3 O-O 11. a3 Rc8 12. b4 Nd5 13. Nxd5 Bxd5 14. Bf4 Nf6
15. Rac1 Bd6 16. Ne5 Bxg2 17. Kxg2 Nd5 18. Rfd1 Nxf4+ 19. gxf4 Qh4 20. Qe4 f6
21. Nd3 f5 22. Qxe6+ Kh8 23. Qe3 g5 24. Qh3 Qxh3+ 25. Kxh3 gxf4 26. Kg2 Rf6 27.
Kf3 Re8 28. Rc6 Rh6 29. Rxa6 Rg8 30. Ne5 Rh3+ 31. Kxf4 Rg2 32. Kxf5 Rxf2+ 33.
Ke6 Bxe5 34. Kxe5 Rxe2+ 35. Kf4 Rhxh2 36. Rg1 Rhf2+ 37. Kg3 Rf8 38. Kh3 Re4 39.
Ra7 Rxd4 40. Rxc7 Rf3+ 41. Rg3 Rxg3+ 42. Kxg3 Rd3+ 43. Kh4 1/2-1/2

[Event "Ïåðâåíñòâî Ìîñêâû"]
[Site "ÐœÐ¾Ñ�ÐºÐ²Ð°, ÐœÐ“Ð˜ÐœÐž Ð¿Ñ€."]
[Date "2018.11.21"]
[Round "5.14"]
[White "Ivlev, Aleksandr"]
[Black "Sauri, Georgy"]
[Result "1-0"]
[WhiteElo "1748"]
[BlackElo "1442"]
[PlyCount "95"]
[EventDate "2018.11.18"]

1. d4 d5 2. Nf3 c6 3. c3 Nf6 4. Bf4 Bg4 5. Nbd2 Nbd7 6. h3 Bh5 7. e3 e6 8. Bd3
Nb6 9. a4 Bd6 10. Qb3 Bxf4 11. exf4 Qc7 12. f5 exf5 13. Bxf5 O-O 14. O-O Qf4
15. Qc2 Bxf3 16. Nxf3 Nc4 17. Rfe1 Rfe8 18. Bd3 Nd6 19. Ne5 Nfe4 20. g3 Qg5 21.
Kg2 Re6 22. h4 Qe7 23. f3 Nf6 24. a5 g6 25. a6 Qc7 26. axb7 Nxb7 27. c4 Rae8
28. c5 Nd8 29. Qa4 R8e7 30. b4 Nh5 31. f4 f6 32. Nf3 Re3 33. Qc2 Nxf4+ 34. gxf4
Qxf4 35. Qf2 g5 36. Qg3 Qxg3+ 37. Kxg3 g4 38. Kxg4 Rg7+ 39. Kf4 Rxd3 40. Re8+
Kf7 41. Rxd8 Kg6 42. Rg1+ Kh6 43. Rxg7 Kxg7 44. Rd6 Rb3 45. Rxc6 Rxb4 46. Rc7+
Kg6 47. Rxa7 Rc4 48. Rd7 1-0

[Event "Ïåðâåíñòâî Ìîñêâû"]
[Site "ÐœÐ¾Ñ�ÐºÐ²Ð°, ÐœÐ“Ð˜ÐœÐž Ð¿Ñ€."]
[Date "2018.11.21"]
[Round "5.15"]
[White "Pavlov, Ivan"]
[Black "Gavrilov, Victor"]
[Result "1-0"]
[WhiteElo "1511"]
[BlackElo "1746"]
[PlyCount "83"]
[EventDate "2018.11.18"]

1. e4 d5 2. exd5 Nf6 3. d4 Nxd5 4. c4 Nf6 5. Nf3 Bg4 6. Be2 e6 7. O-O c6 8. Bf4
Bd6 9. Ne5 Bxe2 10. Qxe2 O-O 11. Bg5 h6 12. Bh4 Be7 13. Rd1 Qb6 14. Rd3 Na6 15.
Bxf6 Bxf6 16. Nd7 Qd8 17. Nxf8 Kxf8 18. Qd2 Qd7 19. Na3 Rd8 20. Rd1 Kg8 21. Nc2
b6 22. Ne3 h5 23. Nf1 Qe7 24. a3 b5 25. cxb5 cxb5 26. Ng3 g6 27. Ne4 Bg7 28.
Qa5 Nc7 29. Qxa7 Rxd4 30. Rc1 Rd7 31. Rcd1 Rd5 32. Qb7 Kh7 33. Nc3 Rd7 34. Nxb5
Nd5 35. Qc6 h4 36. h3 Rd8 37. Nc3 Nf4 38. R3d2 Qg5 39. Qf3 f5 40. Ne2 Nd5 41.
Nc3 Nf4 42. Nd5 {çàïèñü íå ÿñíà} 1-0

[Event "Ïåðâåíñòâî Ìîñêâû"]
[Site "ÐœÐ¾Ñ�ÐºÐ²Ð°, ÐœÐ“Ð˜ÐœÐž Ð¿Ñ€."]
[Date "2018.11.21"]
[Round "5.16"]
[White "Sharapov, Mihail"]
[Black "Itkin, Alexander"]
[Result "1/2-1/2"]
[WhiteElo "1628"]
[BlackElo "1399"]
[PlyCount "62"]
[EventDate "2018.11.18"]

1. d4 e6 2. Nf3 f5 3. Bf4 d5 4. e3 Bd6 5. Ne5 Nf6 6. c4 c6 7. Nd2 O-O 8. Be2
Ne4 9. h3 Bb4 10. Nef3 g5 11. Bxb8 g4 12. Rg1 Rxb8 13. a3 g3 14. axb4 gxf2+ 15.
Kf1 fxg1=Q+ 16. Kxg1 a6 17. Qe1 Kh8 18. Nxe4 fxe4 19. Ne5 Qg5 20. Bg4 Qg7 21.
Qg3 Bd7 22. cxd5 cxd5 23. Nxd7 Qxd7 24. Qe5+ Qg7 25. Qxg7+ Kxg7 26. Bxe6 Rbd8
27. Ra5 b6 28. Rxd5 Rxd5 29. Bxd5 Rf5 30. Bc6 h6 31. b3 h5 1/2-1/2

[Event "Ïåðâåíñòâî Ìîñêâû"]
[Site "ÐœÐ¾Ñ�ÐºÐ²Ð°, ÐœÐ“Ð˜ÐœÐž Ð¿Ñ€."]
[Date "2018.11.21"]
[Round "5.17"]
[White "Drobin, Maxim"]
[Black "Rodnikov, Alexei"]
[Result "1-0"]
[WhiteElo "1596"]
[BlackElo "1416"]
[PlyCount "59"]
[EventDate "2018.11.18"]

1. d4 Nf6 2. Bf4 d5 3. e3 e6 4. Bd3 c5 5. c3 Nc6 6. Nd2 Bd6 7. Bxd6 Qxd6 8. f4
c4 9. Bc2 Bd7 10. Ngf3 O-O 11. Ne5 b5 12. O-O Ne7 13. Qf3 Ne8 14. Qh3 g6 15. e4
f5 16. exf5 exf5 17. Ndf3 Nf6 18. Ng5 Kg7 19. Rae1 Bc8 20. Rf2 h5 21. Qh4 Ne4
22. Rfe2 Ng8 23. Re3 Ngf6 24. Bxe4 dxe4 25. Rg3 Ng4 26. h3 Nxe5 27. fxe5 Qd8
28. Qf4 Rh8 29. h4 Qd5 30. Nxe4 1-0

[Event "Ïåðâåíñòâî Ìîñêâû"]
[Site "ÐœÐ¾Ñ�ÐºÐ²Ð°, ÐœÐ“Ð˜ÐœÐž Ð¿Ñ€."]
[Date "2018.11.21"]
[Round "5.18"]
[White "Ivanov-Chernets, Kirill"]
[Black "Morozov, Fedor"]
[Result "0-1"]
[WhiteElo "1670"]
[BlackElo "1490"]
[PlyCount "43"]
[EventDate "2018.11.18"]

1. e4 e6 2. d4 d5 3. Nd2 dxe4 4. Nxe4 Nd7 5. Nf3 Ngf6 6. Bd3 Be7 7. Qe2 O-O 8.
Bg5 Rb8 9. O-O-O b6 10. Nxf6+ Nxf6 11. Ne5 Bb7 12. Rhg1 Nd7 13. Be3 Bf6 14. g4
Bxe5 15. dxe5 Qe7 16. f4 c5 17. Bc4 Rbd8 18. g5 a6 19. h4 b5 20. Bxc5 Qxc5 21.
Bd3 Qb4 22. Qe3 {çàïèñü íå ÿñíà} 0-1

[Event "Ïåðâåíñòâî Ìîñêâû"]
[Site "ÐœÐ¾Ñ�ÐºÐ²Ð°, ÐœÐ“Ð˜ÐœÐž Ð¿Ñ€."]
[Date "2018.11.21"]
[Round "5.19"]
[White "Agashin, Aleksandr"]
[Black "Metelkin, Zakhar"]
[Result "1/2-1/2"]
[WhiteElo "1567"]
[BlackElo "1436"]
[PlyCount "78"]
[EventDate "2018.11.18"]

1. d4 Nf6 2. Bf4 g6 3. e3 Bg7 4. Nf3 d6 5. Bd3 O-O 6. Nbd2 c5 7. c3 a6 8. O-O
b5 9. Ne4 Bb7 10. Nxf6+ Bxf6 11. e4 cxd4 12. cxd4 Nc6 13. e5 dxe5 14. dxe5 Bg7
15. Be4 Na5 16. Bxb7 Nxb7 17. Rc1 Rc8 18. b4 a5 19. a3 axb4 20. axb4 h6 21.
Rxc8 Qxc8 22. Qd5 Qc4 23. Qxb7 Qxf4 24. Qxb5 g5 25. Re1 Rc8 26. h3 h5 27. Qb7
Rc3 28. Qxe7 g4 29. hxg4 hxg4 30. Ng5 g3 31. fxg3 Rxg3 32. Ne4 Re3 33. Rf1 Qxe4
34. Qxf7+ Kh8 35. Qh5+ Qh7 36. Qe8+ Qg8 37. Qh5+ Qh7 38. Qe8+ Qg8 39. Qh5+ Qh7
1/2-1/2

[Event "Ïåðâåíñòâî Ìîñêâû "]
[Site "ÐœÐ¾Ñ�ÐºÐ²Ð°, ÐœÐ“Ð˜ÐœÐž Ð¿Ñ€."]
[Date "2018.11.22"]
[Round "6.1"]
[White "Makarian, Rudik"]
[Black "Zhukov, Anton"]
[Result "1-0"]
[WhiteElo "2354"]
[BlackElo "2151"]
[PlyCount "75"]
[EventDate "2018.11.18"]

1. e4 e5 2. d4 exd4 3. Qxd4 Nc6 4. Qe3 Bb4+ 5. Bd2 Bxd2+ 6. Qxd2 Qe7 7. Nc3 Nf6
8. O-O-O O-O 9. Bd3 Ne5 10. Be2 Ng6 11. Bd3 Ne5 12. f4 Nxd3+ 13. cxd3 Qc5 14.
Nge2 b5 15. d4 Qc4 16. b3 Qc6 17. d5 Qc5 18. e5 Ne4 19. Qd4 Qxd4 20. Rxd4 Nxc3
21. Nxc3 c5 22. Rd2 Ba6 23. Ne4 Rac8 24. Rc2 c4 25. b4 Rc7 26. Nc5 Bc8 27. Kb2
Rd8 28. Ne4 a5 29. a3 a4 30. Kc3 Bb7 31. Kd4 Kf8 32. Rc3 Ba6 33. g4 Ra7 34. h4
Kg8 35. h5 Raa8 36. g5 Rab8 37. f5 Rb6 38. f6 1-0

[Event "Ïåðâåíñòâî Ìîñêâû "]
[Site "ÐœÐ¾Ñ�ÐºÐ²Ð°, ÐœÐ“Ð˜ÐœÐž Ð¿Ñ€."]
[Date "2018.11.22"]
[Round "6.2"]
[White "Sekoyan, Vachagan"]
[Black "Kretov, Leonid"]
[Result "0-1"]
[WhiteElo "1817"]
[BlackElo "2152"]
[PlyCount "100"]
[EventDate "2018.11.18"]

1. e4 e6 2. d3 c5 3. Nf3 Nc6 4. g3 g6 5. Bg2 Bg7 6. O-O Nge7 7. Re1 d6 8. c3 e5
9. a3 O-O 10. b4 cxb4 11. cxb4 Bg4 12. Nbd2 Qd7 13. Bb2 b5 14. Nf1 d5 15. Ne3
Bxf3 16. Qxf3 d4 17. Nd5 Qd6 18. Nxe7+ Nxe7 19. Rec1 a5 20. Rc5 axb4 21. axb4
Rxa1+ 22. Bxa1 Rc8 23. Rxc8+ Nxc8 24. Qd1 Qxb4 25. Qc1 Nb6 26. f4 Na4 27. fxe5
Bxe5 28. Bf3 Qc5 29. Qb1 Nc3 30. Qb3 Qa7 31. Bb2 Qa4 32. Qxa4 bxa4 33. Kf1 Nb5
34. Bd1 a3 35. Ba1 Nc7 36. Bb3 Na6 37. Ke2 Kf8 38. Kd2 f6 39. Bc4 Nb4 40. Ke2
h5 41. Kd2 g5 42. Bb3 h4 43. gxh4 gxh4 44. h3 Kg7 45. Be6 Kg6 46. Bf5+ Kg5 47.
Be6 Kf4 48. Bg4 Kg3 49. Be6 Kf2 50. Bc4 Bf4+ 0-1

[Event "Ïåðâåíñòâî Ìîñêâû "]
[Site "ÐœÐ¾Ñ�ÐºÐ²Ð°, ÐœÐ“Ð˜ÐœÐž Ð¿Ñ€."]
[Date "2018.11.22"]
[Round "6.3"]
[White "Perov, German"]
[Black "Pak, Nikita"]
[Result "1-0"]
[WhiteElo "2187"]
[BlackElo "1916"]
[PlyCount "93"]
[EventDate "2018.11.18"]

1. d4 c5 2. e4 cxd4 3. c3 Nf6 4. e5 Nd5 5. Nf3 Nc6 6. Bc4 Nb6 7. Bb3 d6 8. exd6
Qxd6 9. O-O Be6 10. Na3 dxc3 11. Bxe6 fxe6 12. Qe2 O-O-O 13. Nb5 Qd5 14. Nxc3
Qc4 15. Ng5 Rd3 16. Qxe6+ Qxe6 17. Nxe6 Nd7 18. Be3 Rd6 19. Ng5 Nde5 20. Nb5
Rg6 21. f4 Nc4 22. f5 Rf6 23. Nxa7+ Kb8 24. Nxc6+ Rxc6 25. Bd4 h5 26. Ne6 Rg8
27. Rac1 g5 28. Bc5 Nd6 29. Bxd6+ Rxd6 30. Rcd1 Rxd1 31. Rxd1 Bg7 32. b4 Bf6
33. b5 Ka7 34. Nd8 e5 35. Nf7 e4 36. Kf2 Rc8 37. Ke3 Rc3+ 38. Kxe4 Rc2 39. Rd6
Bb2 40. Nxg5 Rxg2 41. Nf3 Ba3 42. Rd2 Rg4+ 43. Ke5 Rb4 44. Nd4 Bc1 45. Re2 Bb2
46. Rxb2 Rxb2 47. f6 1-0

[Event "Ïåðâåíñòâî Ìîñêâû "]
[Site "ÐœÐ¾Ñ�ÐºÐ²Ð°, ÐœÐ“Ð˜ÐœÐž Ð¿Ñ€."]
[Date "2018.11.22"]
[Round "6.4"]
[White "Vetokhin, Savva"]
[Black "Shatunov, Leonid"]
[Result "0-1"]
[WhiteElo "1874"]
[BlackElo "1967"]
[PlyCount "34"]
[EventDate "2018.11.18"]

1. e4 e6 2. d4 d5 3. Nd2 Nc6 4. Ngf3 Nf6 5. e5 Nd7 6. Be2 f6 7. exf6 Qxf6 8.
Nf1 e5 9. dxe5 Ndxe5 10. Qxd5 Be6 11. Qe4 Bf5 12. Qa4 O-O-O 13. Ne3 Bb4+ 14.
Kf1 Be4 15. Nxe5 Qxe5 16. Qb5 Qe7 17. Nf5 Rd1+ 0-1

[Event "Ïåðâåíñòâî Ìîñêâû "]
[Site "ÐœÐ¾Ñ�ÐºÐ²Ð°, ÐœÐ“Ð˜ÐœÐž Ð¿Ñ€."]
[Date "2018.11.22"]
[Round "6.5"]
[White "Belikov, Semen"]
[Black "Lukyanenko, Artemiy"]
[Result "0-1"]
[WhiteElo "1959"]
[BlackElo "1921"]
[PlyCount "38"]
[EventDate "2018.11.18"]

1. e4 e6 2. d4 d5 3. Nc3 Nf6 4. e5 Nfd7 5. f4 c5 6. Nf3 Nc6 7. Be3 Qb6 8. Na4
Qa5+ 9. c3 b6 10. Bd2 c4 11. b4 Qa6 12. g4 b5 13. Nc5 Nxc5 14. dxc5 Qa3 15. Qc1
Nxb4 16. Qb1 Nc6 17. Qxb5 Bd7 18. Qb7 Rb8 19. Qc7 Qb2 0-1

[Event "Ïåðâåíñòâî Ìîñêâû "]
[Site "ÐœÐ¾Ñ�ÐºÐ²Ð°, ÐœÐ“Ð˜ÐœÐž Ð¿Ñ€."]
[Date "2018.11.22"]
[Round "6.6"]
[White "Lupolov, Boris"]
[Black "Buniatyan, David"]
[Result "0-1"]
[WhiteElo "1879"]
[BlackElo "1827"]
[PlyCount "56"]
[EventDate "2018.11.18"]

1. d4 Nf6 2. c4 g6 3. Nc3 Bg7 4. e4 d6 5. f3 O-O 6. Be3 Nbd7 7. Qd2 c5 8. Nge2
a6 9. Rd1 Qa5 10. dxc5 dxc5 11. Nc1 Qc7 12. Be2 b6 13. O-O Bb7 14. Bf4 Qc6 15.
Nd3 b5 16. b3 Rad8 17. Nd5 Nxd5 18. cxd5 Qf6 19. Rc1 Rfe8 20. Be3 c4 21. bxc4
bxc4 22. Nb4 a5 23. Nc6 c3 24. Qd1 Bxc6 25. dxc6 Qxc6 26. Bd4 c2 27. Qd2 Bxd4+
28. Qxd4 Qc3 {çàïèñü íå ÿñíà} 0-1

[Event "Ïåðâåíñòâî Ìîñêâû "]
[Site "ÐœÐ¾Ñ�ÐºÐ²Ð°, ÐœÐ“Ð˜ÐœÐž Ð¿Ñ€."]
[Date "2018.11.22"]
[Round "6.7"]
[White "Orlov, Aleksandr"]
[Black "Beliuga, Mikhail"]
[Result "1-0"]
[WhiteElo "1872"]
[BlackElo "1908"]
[PlyCount "91"]
[EventDate "2018.11.18"]

1. Nf3 Nf6 2. d4 e6 3. g3 Be7 4. Bg2 O-O 5. O-O c5 6. c4 d5 7. dxc5 Bxc5 8.
cxd5 exd5 9. Nc3 d4 10. Na4 Be7 11. Qxd4 Nc6 12. Qxd8 Rxd8 13. Nc3 Bf5 14. Bf4
Nh5 15. Be3 Nf6 16. Rfd1 Bc2 17. Rdc1 Bf5 18. Rd1 Bc2 19. Rxd8+ Rxd8 20. Rc1
Bf5 21. Nh4 Be6 22. Bxc6 bxc6 23. Bxa7 Rd2 24. Rb1 Rd7 25. Be3 Ng4 26. Ng2 Rb7
27. b3 f6 28. Rd1 Bb4 29. Na4 Nxe3 30. Nxe3 Ra7 31. Kg2 Kf8 32. Nc2 Be7 33. Nd4
Bd5+ 34. f3 c5 35. Nb5 Rd7 36. e4 Bc6 37. Rxd7 Bxd7 38. Nbc3 Bd6 39. Nb6 Be6
40. Nc4 Ke7 41. Nxd6 Kxd6 42. Kf2 c4 43. b4 f5 44. Ke3 fxe4 45. Kxe4 g6 46. Kd4
1-0

[Event "Ïåðâåíñòâî Ìîñêâû "]
[Site "ÐœÐ¾Ñ�ÐºÐ²Ð°, ÐœÐ“Ð˜ÐœÐž Ð¿Ñ€."]
[Date "2018.11.22"]
[Round "6.8"]
[White "Gotsiuk, Denis"]
[Black "Plaksin, Igor"]
[Result "1/2-1/2"]
[WhiteElo "1895"]
[BlackElo "1893"]
[PlyCount "38"]
[EventDate "2018.11.18"]

1. e4 c5 2. c3 Nf6 3. e5 Nd5 4. d4 cxd4 5. cxd4 Nc6 6. Nf3 d6 7. Bc4 Nb6 8. Bb5
d5 9. h3 Bf5 10. Nc3 e6 11. Bg5 Be7 12. Bxe7 Qxe7 13. a3 O-O 14. O-O Na5 15.
Nd2 Qg5 16. Nf3 Qe7 17. Nd2 Qg5 18. Nf3 Qe7 19. Nd2 Qg5 1/2-1/2

[Event "Ïåðâåíñòâî Ìîñêâû "]
[Site "ÐœÐ¾Ñ�ÐºÐ²Ð°, ÐœÐ“Ð˜ÐœÐž Ð¿Ñ€."]
[Date "2018.11.22"]
[Round "6.9"]
[White "Drobin, Maxim"]
[Black "Gornostaev, Yakov"]
[Result "1-0"]
[WhiteElo "1596"]
[BlackElo "1831"]
[PlyCount "79"]
[EventDate "2018.11.18"]

1. d4 Nf6 2. Bf4 e6 3. e3 b6 4. Nf3 Bb7 5. h3 d5 6. Bd3 Bd6 7. Ne5 Bxe5 8. dxe5
Ne4 9. Qg4 g6 10. Bxe4 h5 11. Qg3 dxe4 12. Bg5 Qd7 13. Nc3 O-O 14. Rd1 Qe8 15.
Qf4 Nd7 16. Bh6 Kh7 17. Bxf8 Nxf8 18. Nxe4 Bxe4 19. Qxe4 Rd8 20. Rxd8 Qxd8 21.
Qd4 Qxd4 22. exd4 Nd7 23. Ke2 Kg7 24. Rd1 Kf8 25. d5 Nxe5 26. dxe6 fxe6 27. f4
Nc4 28. Rd7 Nxb2 29. Rxc7 a5 30. Rb7 Na4 31. Ke3 Nc3 32. Kd4 Nd5 33. Ke5 Kg8
34. Kxe6 Nxf4+ 35. Kf6 Nxg2 36. Kxg6 Nf4+ 37. Kf5 Nd5 38. Kg5 Nb4 39. Rxb6 Nxc2
40. Ra6 1-0

[Event "Ïåðâåíñòâî Ìîñêâû "]
[Site "ÐœÐ¾Ñ�ÐºÐ²Ð°, ÐœÐ“Ð˜ÐœÐž Ð¿Ñ€."]
[Date "2018.11.22"]
[Round "6.10"]
[White "Akopjan, Gor"]
[Black "Shlykov, Yaroslav"]
[Result "0-1"]
[WhiteElo "1524"]
[BlackElo "1826"]
[PlyCount "86"]
[EventDate "2018.11.18"]

1. e4 d6 2. d4 Nf6 3. Nc3 g6 4. Nf3 Bg7 5. Be2 O-O 6. O-O Nbd7 7. Re1 e5 8. Bg5
h6 9. Bxf6 Bxf6 10. d5 Bg7 11. Bd3 Nc5 12. Qe2 Nxd3 13. cxd3 Bd7 14. Rac1 h5
15. Rc2 Bh6 16. d4 exd4 17. Nxd4 a6 18. Qd3 Re8 19. Rce2 Qf6 20. h3 Re7 21. Nf3
Rae8 22. Qd4 Qxd4 23. Nxd4 Bg7 24. Nf3 b5 25. a3 a5 26. Rc2 b4 27. axb4 axb4
28. Nb1 Bb5 29. Re3 Rxe4 30. Rxe4 Rxe4 31. Rxc7 Bxb2 32. Rb7 Be2 33. Nbd2 Rf4
34. g3 Rxf3 35. Nxf3 Bxf3 36. Rxb4 Be5 37. Rb5 Kg7 38. h4 Kf6 39. Kf1 Bd4 40.
Ke1 Ke5 41. Kf1 Bxd5 42. f4+ Ke4 43. Rb8 Kf3 0-1

[Event "Ïåðâåíñòâî Ìîñêâû "]
[Site "ÐœÐ¾Ñ�ÐºÐ²Ð°, ÐœÐ“Ð˜ÐœÐž Ð¿Ñ€."]
[Date "2018.11.22"]
[Round "6.11"]
[White "Lutan, Gleb"]
[Black "Kurkin, Aleksandr"]
[Result "0-1"]
[WhiteElo "1763"]
[BlackElo "1556"]
[PlyCount "36"]
[EventDate "2018.11.18"]

1. c4 e5 2. Nc3 Bb4 3. g3 Bxc3 4. bxc3 f5 5. Bg2 Nf6 6. d3 Nc6 7. Nf3 O-O 8.
O-O d6 9. Rb1 Qe8 10. Qd2 h6 11. a4 Qh5 12. Ba3 f4 13. Qc2 Bh3 14. Rxb7 Ng4 15.
Nh4 Bxg2 16. Kxg2 fxg3 17. hxg3 Rxf2+ 18. Rxf2 Ne3+ 0-1

[Event "Ïåðâåíñòâî Ìîñêâû "]
[Site "ÐœÐ¾Ñ�ÐºÐ²Ð°, ÐœÐ“Ð˜ÐœÐž Ð¿Ñ€."]
[Date "2018.11.22"]
[Round "6.12"]
[White "Pavlov, Ivan"]
[Black "Ivlev, Aleksandr"]
[Result "0-1"]
[WhiteElo "1511"]
[BlackElo "1748"]
[PlyCount "80"]
[EventDate "2018.11.18"]

1. e4 c5 2. c3 Nf6 3. e5 Nd5 4. d4 e6 5. Nf3 Nc6 6. Be2 cxd4 7. cxd4 d6 8. O-O
b6 9. Bc4 Nc7 10. Nc3 d5 11. Bd3 Bb7 12. Be3 Be7 13. Qd2 Qd7 14. Rac1 O-O-O 15.
Nb5 Nxb5 16. Bxb5 Kb8 17. Rc2 Rc8 18. Rfc1 a6 19. Ba4 b5 20. Bb3 Bb4 21. Qe2
Na5 22. Qd3 Nc4 23. Bd2 Bxd2 24. Nxd2 Nxd2 25. Qg3 g6 26. Rc5 Nc4 27. Rxc8+
Rxc8 28. Qg5 Ka7 29. h3 a5 30. Bd1 Nd2 31. Qxd2 Rxc1 32. Qxc1 Qc6 33. Qc2 Qxc2
34. Bxc2 b4 35. Kf1 Ba6+ 36. Ke1 Bc4 37. Bb1 Kb6 38. Kd2 Kb5 39. Kc2 Bf1 40. g3
Kc4 0-1

[Event "Ïåðâåíñòâî Ìîñêâû "]
[Site "ÐœÐ¾Ñ�ÐºÐ²Ð°, ÐœÐ“Ð˜ÐœÐž Ð¿Ñ€."]
[Date "2018.11.22"]
[Round "6.13"]
[White "Kozhukhov, Aleksandr"]
[Black "Itkin, Alexander"]
[Result "0-1"]
[WhiteElo "1745"]
[BlackElo "1399"]
[PlyCount "71"]
[EventDate "2018.11.18"]

1. d4 e6 2. c4 f5 3. Nf3 Nf6 4. Nc3 b6 5. g3 Bb4 6. Bg2 Bxc3+ 7. bxc3 Ne4 8.
Qc2 Ba6 9. Nd2 d5 10. Ba3 Nxd2 11. Qxd2 Bxc4 12. O-O Nd7 13. Rfe1 Qf6 14. f3 c5
15. e4 O-O 16. exf5 exf5 17. Qe3 Rac8 18. Qe7 Qxe7 19. Rxe7 Rf7 20. Re3 Kf8 21.
Bf1 Bxf1 22. Kxf1 Re7 23. Rae1 Rce8 24. Kf2 Rxe3 25. Rxe3 Rxe3 26. Kxe3 g5 27.
Kd3 Kf7 28. c4 Ke6 29. Bc1 h6 30. f4 g4 31. Be3 Kd6 32. Kc2 Nb8 33. Kd2 Nc6 34.
dxc5+ bxc5 35. cxd5 Kxd5 36. Kc2 {çàïèñü íå ÿñíà} 0-1

[Event "Ïåðâåíñòâî Ìîñêâû "]
[Site "ÐœÐ¾Ñ�ÐºÐ²Ð°, ÐœÐ“Ð˜ÐœÐž Ð¿Ñ€."]
[Date "2018.11.22"]
[Round "6.14"]
[White "Zakirov, Artur"]
[Black "Golitsyn, Georgiy"]
[Result "1-0"]
[WhiteElo "1747"]
[BlackElo "1283"]
[PlyCount "45"]
[EventDate "2018.11.18"]

1. e4 e6 2. d4 d5 3. e5 c5 4. c3 Qb6 5. Nf3 Bd7 6. Bd3 Bb5 7. O-O Bxd3 8. Qxd3
Nc6 9. dxc5 Bxc5 10. b4 Be7 11. Na3 a6 12. Rb1 Qc7 13. Re1 b5 14. Nc2 Bd8 15.
Ncd4 Nge7 16. a4 Nxd4 17. Nxd4 Qc4 18. Qxc4 bxc4 19. b5 O-O 20. b6 a5 21. Ba3
Re8 22. b7 Rb8 23. Bd6 1-0

[Event "Ïåðâåíñòâî Ìîñêâû "]
[Site "ÐœÐ¾Ñ�ÐºÐ²Ð°, ÐœÐ“Ð˜ÐœÐž Ð¿Ñ€."]
[Date "2018.11.22"]
[Round "6.15"]
[White "Morozov, Fedor"]
[Black "Sharapov, Mihail"]
[Result "0-1"]
[WhiteElo "1490"]
[BlackElo "1628"]
[PlyCount "104"]
[EventDate "2018.11.18"]

1. e4 c6 2. d4 d5 3. exd5 cxd5 4. Bd3 Nc6 5. Nf3 Bg4 6. c3 Nf6 7. O-O e6 8. Bg5
Be7 9. Nbd2 Nd7 10. Bxe7 Nxe7 11. Qc2 Bf5 12. Rfe1 O-O 13. Bxf5 Nxf5 14. Ne5
Nxe5 15. Rxe5 Qc7 16. Qb3 a5 17. a4 Ra6 18. Qb5 Rc8 19. Qd3 Rb6 20. Ra2 Nd6 21.
Re1 Nc4 22. Nxc4 Qxc4 23. Qxc4 Rxc4 24. f3 g6 25. Kf2 Rb3 26. Ke3 Kg7 27. Kd3
h5 28. g3 Rb6 29. Kc2 h4 30. Kd3 hxg3 31. hxg3 Rc8 32. Rh1 Rh8 33. Rxh8 Kxh8
34. Kc2 Kg7 35. Ra3 f5 36. Rb3 Rxb3 37. Kxb3 f4 38. g4 Kf6 39. c4 Kg5 40. c5
Kh4 41. Kc2 Kg3 42. c6 bxc6 43. b4 Kxf3 44. b5 cxb5 45. axb5 Kxg4 46. b6 f3 47.
b7 f2 48. b8=Q f1=Q 49. Qe5 Qc4+ 50. Kd2 Qa2+ 51. Kd3 Qb1+ 52. Kc3 Qe4 {
çàïèñü íå ÿñíà} 0-1

[Event "Ïåðâåíñòâî Ìîñêâû "]
[Site "ÐœÐ¾Ñ�ÐºÐ²Ð°, ÐœÐ“Ð˜ÐœÐž Ð¿Ñ€."]
[Date "2018.11.22"]
[Round "6.16"]
[White "Kuzhelev, Timur"]
[Black "Nikulshin, Alexey"]
[Result "0-1"]
[WhiteElo "1595"]
[BlackElo "1647"]
[PlyCount "68"]
[EventDate "2018.11.18"]

1. e4 e6 2. d4 d5 3. exd5 exd5 4. c4 Nf6 5. Nc3 Be7 6. Nf3 O-O 7. Be2 dxc4 8.
Bxc4 c6 9. O-O Nbd7 10. Be3 Nb6 11. Bb3 Nbd5 12. Qd3 Nxe3 13. fxe3 c5 14. d5
Bd6 15. e4 Re8 16. Rfe1 Ng4 17. Nd1 Ne5 18. Nxe5 Bxe5 19. Rb1 Bxh2+ 20. Kf1
Qf6+ 21. Qf3 Qxf3+ 22. gxf3 Bh3+ 23. Ke2 Bd7 24. Rh1 Be5 25. Bc4 b5 26. Bd3 c4
27. Bc2 b4 28. Ne3 Bb5 29. Ng4 Bxb2 30. Ke3 Bc3 31. Rhg1 Rad8 32. f4 Rxd5 33.
e5 Bd4+ 34. Ke4 Bxg1 0-1

[Event "Ïåðâåíñòâî Ìîñêâû "]
[Site "ÐœÐ¾Ñ�ÐºÐ²Ð°, ÐœÐ“Ð˜ÐœÐž Ð¿Ñ€."]
[Date "2018.11.22"]
[Round "6.17"]
[White "Gavrilov, Victor"]
[Black "Morozov, Vladimir"]
[Result "0-1"]
[WhiteElo "1746"]
[BlackElo "1804"]
[PlyCount "72"]
[EventDate "2018.11.18"]

1. d4 Nf6 2. c4 g6 3. Nc3 d5 4. Bg5 Ne4 5. Nxe4 dxe4 6. e3 c5 7. Qd2 Bg7 8. d5
Qb6 9. Rb1 h6 10. Bf4 O-O 11. f3 e5 12. dxe6 Bxe6 13. fxe4 Rd8 14. Qc2 Qb4+ 15.
Ke2 Bxc4+ 16. Kf3 Bxf1 17. Rxf1 Rd2 18. Qb3 Qxb3 19. axb3 Rxb2 20. Rc1 Na6 21.
Ne2 Rxb3 22. Rhd1 b5 23. Bd6 Rc8 24. e5 Re8 25. Ra1 Bxe5 26. Bxe5 Rxe5 27. Rd8+
Kg7 28. Rxa6 Rbxe3+ 29. Kf2 Rxe2+ 30. Kf1 Re7 31. Rc8 Rc2 32. Ra5 b4 33. Raxc5
Rxc5 34. Rxc5 Rb7 35. Rc2 b3 36. Rb2 a5 0-1

[Event "Ïåðâåíñòâî Ìîñêâû "]
[Site "ÐœÐ¾Ñ�ÐºÐ²Ð°, ÐœÐ“Ð˜ÐœÐž Ð¿Ñ€."]
[Date "2018.11.22"]
[Round "6.18"]
[White "Sauri, Georgy"]
[Black "Agashin, Aleksandr"]
[Result "0-1"]
[WhiteElo "1442"]
[BlackElo "1567"]
[PlyCount "68"]
[EventDate "2018.11.18"]

1. e4 c5 2. Nf3 d6 3. d4 cxd4 4. Nxd4 Nf6 5. Nc3 Nc6 6. f3 e5 7. Nxc6 bxc6 8.
Bc4 Qb6 9. Bb3 Ba6 10. Na4 Qc7 11. Bg5 Be7 12. Qd2 h6 13. Be3 d5 14. O-O-O d4
15. Bxd4 exd4 16. Qxd4 Rd8 17. Qc3 O-O 18. e5 Nh7 19. f4 c5 20. Bd5 Bb7 21. Bc4
Rxd1+ 22. Rxd1 Rd8 23. Rxd8+ Qxd8 24. Qb3 Bxg2 25. Bxf7+ Kh8 26. Qb5 Qd4 27.
Qe8+ Nf8 28. b3 Qxf4+ 29. Kb1 Qxe5 30. Nc3 Bc6 31. Qxc6 Qxc3 32. Qe8 Qe1+ 33.
Kb2 Bf6+ 34. Ka3 Qb4# 0-1

[Event "Ïåðâåíñòâî Ìîñêâû "]
[Site "ÐœÐ¾Ñ�ÐºÐ²Ð°, ÐœÐ“Ð˜ÐœÐž Ð¿Ñ€."]
[Date "2018.11.22"]
[Round "6.19"]
[White "Rodnikov, Alexei"]
[Black "Ivanov-Chernets, Kirill"]
[Result "1-0"]
[WhiteElo "1416"]
[BlackElo "1670"]
[PlyCount "113"]
[EventDate "2018.11.18"]

1. c4 c5 2. Nc3 Nc6 3. g3 d6 4. Bg2 e5 5. Nf3 g6 6. d3 Bg7 7. Rb1 Nge7 8. O-O
O-O 9. a3 a5 10. e4 f5 11. Nd5 Nxd5 12. cxd5 Ne7 13. Bd2 b5 14. b4 fxe4 15.
dxe4 axb4 16. axb4 c4 17. Ra1 Bd7 18. Bg5 Rxa1 19. Qxa1 h6 20. Bd2 Qc7 21. Bc3
Bg4 22. Nd2 Qb6 23. Qa5 Qxa5 24. bxa5 Be2 25. Rb1 Rb8 26. Bf1 Bd3 27. Bxd3 cxd3
28. Bb4 Nc8 29. Rb3 Kf7 30. Rxd3 Ke7 31. Rc3 Kd7 32. Nf3 g5 33. Ne1 Bf6 34. Nc2
Bd8 35. Ne3 Ne7 36. Kg2 Bc7 37. Kh3 Rf8 38. Rc2 h5 39. Kg2 Ra8 40. Ra2 Bb6 41.
a6 Bxe3 42. fxe3 Nc8 43. Kf2 g4 44. Ke2 Na7 45. Kd3 Nc8 46. Bd2 Rb8 47. Kc3 Na7
48. Kb4 Rc8 49. Be1 Rc4+ 50. Ka5 Kc7 51. Bb4 Rc1 52. Ra3 Rc2 53. Rc3+ Rxc3 54.
Bxc3 b4 55. Bxb4 Nc8 56. Ba3 Na7 57. Bxd6+ 1-0